| 000 | 00701nam a2200289Ia 4500 | ||
|---|---|---|---|
| 005 | 20260324132119.0 | ||
| 008 | 008 260324s9999 xx 000 0 eng d | ||
| 020 | _a9780080522166 | ||
| 037 | _aEBOOK | ||
| 040 | _aCRL | ||
| 040 | _beng | ||
| 040 | _cCRL | ||
| 041 | _2eng | ||
| 041 | _aeng | ||
| 084 | _qCRL | ||
| 100 |
_aJohn Skidgel _91188082 |
||
| 245 | 0 | _aProducing 24p Video | |
| 245 | 0 | _bCovers the Canon XL2 and the Panasonic DVX-100a DV Expert Series | |
| 260 | _bTaylor and Francis | ||
| 260 | _c2005 | ||
| 365 | _a | ||
| 365 | _b240 | ||
| 856 | _uhttp://www.taylorfrancis.com/books/9780080522166 | ||
| 942 | _cEBOOK | ||
| 999 |
_c1785853 _d1785853 |
||